High Yields <The> Spread on German Interest Rates
Saved in:
| Main Author: | |
|---|---|
| Other Authors: | , |
| Format: | Book |
| Language: | English |
| Published: |
Milano
IGIER
1996
|
| Edition: | 1. ed. |
| Series: | Working Paper
No. 102 |
| Subjects: | |
| Tags: |
No Tags, Be the first to tag this record!
|
MARC
| LEADER | 00000nam a2200000 4500 | ||
|---|---|---|---|
| 001 | c021103 | ||
| 005 | 20221205125245.1 | ||
| 041 | 0 | |a eng | |
| 044 | |a IT | ||
| 245 | 1 | 0 | |a High Yields |b <The> Spread on German Interest Rates |c Carlo Favero, Francesco Giavazzi, Luigi Spaventa |
| 250 | |a 1. ed. | ||
| 264 | 1 | |a Milano |b IGIER |c 1996 | |
| 300 | |a 29 s. | ||
| 490 | 1 | |a Working Paper |v No. 102 | |
| 830 | 0 | |a Working Paper |v No. 102 | |
| 610 | 2 | 0 | |a sadzby úrokové |
| 610 | 2 | 0 | |a úrok |
| 610 | 2 | 0 | |a ekonometria |
| 100 | 1 | |a Favero, Carlo | |
| 700 | 1 | |a Giavazzi, Francesco | |
| 700 | 1 | |a Spaventa, Luigi | |